000 00738cab a2200193 4500
001 l136551
008 070207n2007 000 0 eng u
035 _a(Sirsi) u136551
041 0 _aeng
100 1 _aHeap, Richard
245 0 0 _aRegional
_bBerkshire
260 _c2007
490 0 _aProperty Week
_v72(5) 2 February 2007, 73-90(12)
520 _aDiscusses the protests of local retailers in Windsor at the arrival of a large chain store retailer, the outlook for Reading's office sector, Reading's attempt at improving it's image and the absence of development in Newbury's industrial property market.
590 _aKA
651 4 _aBERKSHIRE
690 _aPROPERTY-COMMERCIAL PROPERTY-COMMERCIAL PROPERTY MARKET
942 _n0
999 _c78343
_d78343